000 00415nam a2200121 a 4500
008 120416s1985 xx |||||||||||||| || u
050 _aTD 426 Can
100 _aCanter, Larry W
245 1 0 _aGround water pollution control
260 _c1985
350 _a0.00
995 _D0.00
_FCBU-MAIN LIBRARY (Kitwe)
_H1
_I46.00
_UAVAILABLE
_ZMain Library Open Access Collection
999 _c44963
_d44963